| 000 | 00532cam a22002171 4500 | ||
|---|---|---|---|
| 001 | sa 64005912 | ||
| 003 | DLC | ||
| 005 | 20260227112036.0 | ||
| 008 | 900122m19639999ii c 000 0 orio | ||
| 010 | _asa 64005912 | ||
| 035 | _a(OCoLC)20941244 | ||
| 040 |
_aDLC _cWaU _dDLC |
||
| 042 | _apremarc | ||
| 050 | 0 | 0 |
_aPK2579.G45 _bA6 1963 |
| 100 | 1 |
_aGhosh, Aswini Kumar, _d1892-1962. |
|
| 245 | 0 | 0 | _aAśvinīkumāra granthābaḷī. |
| 260 | _c1963- | ||
| 300 |
_av. _bport. _c25 cm. |
||
| 500 | _aIn Oriya. | ||
| 500 | _aPlays. | ||
| 999 |
_c59400 _d59400 |
||